00564 2200217 4500001002100000005001500021035002000036008004100056041000700097082001000104090001700114100001800131245006700149260003500216300003000251020000600281084001600287250001000303650000900313990002400322INLIS00000000000072920240229013828 a0010-0722000729240229 | | ind  aid a635.6 a635. 6 Soe m0 aSoewito, D.S.1 aMemanfaatkan lahan 2 :bBercocok tanam Cabe /cD.S. Soewito M. aJakarta :bTitik Terang,c1988 a91 hlm. :bilus. ;c21 cm a- a635.6 Soe m aCet.1 4aCabe ac.1(4357/APP/Ha/93)